Absteiger aus der 3. Liga - Statistiken

Allgemein
  • Dieses Quiz wurde 257 mal gespielt
    187 seit der letzten Aktualisierung
  • Das Durchschnittsergebnis liegt bei 27 aus 45
Antwortstatistiken
Saison Vereine Punkte % Korrekt
2021/22 Türkgücü München 0
88%
2015/16 FC Energie Cottbus 41
79%
2018/19 FC Energie Cottbus 45
79%
2012/13 Alemannia Aachen 26
76%
2008/09 Stuttgarter Kickers 29
74%
2015/16 Stuttgarter Kickers 43
74%
2019/20 FC Preußen Münster 40
73%
2011/12 FC Carl Zeiss Jena 39
72%
2019/20 FC Carl Zeiss Jena 23
72%
2017/18 FC Rot-Weiß Erfurt 13
71%
2014/15 SpVgg Unterhaching 39
71%
2020/21 SpVgg Unterhaching 32
71%
2017/18 Chemnitzer FC 22
69%
2019/20 Chemnitzer FC 44
69%
2021/22 FC Viktoria 1889 Berlin 37
69%
2021/22 Würzburger Kickers 30
69%
2010/11 FC Bayern München II 30
68%
2020/21 VfB Lübeck 35
68%
2020/21 KFC Uerdingen 05 41
66%
2020/21 FC Bayern München II 37
65%
2018/19 Fortuna Köln 39
65%
2008/09 VfR Aalen 39
65%
2018/19 VfR Aalen 31
65%
2011/12 SV Werder Bremen II 22
64%
2017/18 SV Werder Bremen II 31
64%
2021/22 TSV Havelse 23
64%
2009/10 Borussia Dortmund II 39
61%
2014/15 Borussia Dortmund II 39
61%
2011/12 Rot-Weiß Oberhausen 38
60%
2013/14 1. FC Saarbrücken 32
57%
2016/17 FSV Frankfurt 25
55%
2009/10 Holstein Kiel 38
52%
2014/15 SSV Jahn Regensburg 31
51%
2010/11 Rot Weiss Ahlen 39
47%
2019/20 SG Sonnenhof Großaspach 32
47%
2009/10 Wuppertaler SV Borussia 38
47%
2018/19 Sportfreunde Lotte 40
45%
2008/09 Kickers Emden 59
44%
2010/11 TuS Koblenz 49
44%
2015/16 VfB Stuttgart II 31
44%
2013/14 Wacker Burghausen 37
44%
2016/17 1.FSV Mainz 05 II 40
43%
2013/14 SV Elversberg 40
43%
2012/13 SV Babelsberg 03 37
36%
2012/13 SV Darmstadt 98 38
33%
Keine übereinstimmenden Quizze gefunden
Verteilung der Resultate
Anzahl Personen mit jedem Resultat
Perzentil nach korrekt beantworteten Fragen
Ihre Resultats-Entwicklung
Sie haben dieses Quiz seit der letzten Aktualisierung nicht gespielt